Film français : Le Gendarme se marie - Statistiques

Statistiques générales
  • Ce quiz a été pris 38 fois
  • Le résultat moyen est 14 sur 20
Statistiques - réponses
Questions Réponses % Correct
Acteur jouant le rôle de Ludovic Cruchot Louis de Funès
100%
Acteur jouant le rôle de Jérôme Gerber Michel Galabru
100%
Acteurs incarnant les différents gendarmes, subordonnés de Gerber et de Cruchot. Jean Lefebvre
97%
Acteurs incarnant les différents gendarmes, subordonnés de Gerber et de Cruchot. Guy Grosso
91%
Acteurs incarnant les différents gendarmes, subordonnés de Gerber et de Cruchot. Michel Modo
91%
Année de sortie du film 1968
86%
Acteurs incarnant les différents gendarmes, subordonnés de Gerber et de Cruchot. Christian Marin
86%
Actrice jouant le rôle de Josépha Lefrançois. Claude Gensac
86%
Période de révolte étudiante dans le contexte de laquelle le tournage du film a débuté. Mai 68
77%
Réalisateur du film Jean Girault
74%
Complétez cette réplique de Gerber : "Vous êtes bourré d'électricité _______" Statique
71%
Terme anglais qui désigne le type de motocyclette que pilotait Sœur Clothilde (France Rumilly) accompagné de Cruchot à la poursuite de Fredo Le Boucher (Mario David) qui avait enlevé Josépha. Un side-car
66%
Fromage normand (A.O.P.) à pâte molle et à croûte fleurie de la ville du même nom que le Gendarme Merlot réclame à Cruchot et Gerber pendant leur "repas champêtre" alors que Merlot et Fougasse sont éloignés de 7 mètres à la demande expresse de Cruchot. Le camembert
60%
Fromage savoyard (A.O.C.) au lait cru et entier de vache à pâte pressée non cuite et croûte lavée que demandait Fougasse au même moment "avec une lichette de beurre". Le reblochon
51%
Complétez ce dialogue entre Cruchot et Gerber : - Puis, vous savez que ça me gène de vous donner des ordre. Ca me gène. - Vous avez tort parce que moi, à votre place ... - Oooh les vilaines pensées ! Écoutez moi bien, si un jour, après avoir beaucoup travaillé, vous parvenez comme moi à un poste de très haute responsabilité, suivez mon exemple. Sachez rester simple, modeste. Repoussez l'______. Orgueil
49%
Date de vacances à laquelle débute l'histoire. Le 1er juillet
40%
Troisième empereur de Rome rendu impopulaire par sa haute fiscalité pour renflouer les caisses de l'État qu'il avait lui-même vidées. Il est le nom de code des Gendarmes Tricard et Berlicot durant la même opération. Caligula
34%
Ange du second chœur de la première hiérarchie qui est le nom de code de Cruchot dans l'opération d'envergure visant à traquer les chauffards et à les verbaliser. Chérubin
34%
Acteur alors en vacances à Saint-Tropez n'ayant pas participé au film mais qui encourageait son ami l'acteur principal (réponse #1) à participer à la grève organisée par le "Syndicat des acteurs" en solidarité avec les autres grévistes français. Cet acteur a joué dans "L'homme qui en savait trop" d'Hitchcock (version américaine) et dans "Rendez-vous de juillet" de Jacques Becker, entre autres. Daniel Gélin
34%
Coordinateur des cascades du film, réticent à faire grève comme l'acteur principal. « Je ne comprenais pas que le personnel du film puisse se mettre en grève alors que nous étions comme des coqs en pâte, logés dans des hôtels quatre étoiles avec des défraiements somptueux. En comparaison, le monde de la moto que j'avais connu avant était beaucoup plus âpre » Rémy Julienne
34%
Aucun quiz correspondant
Distribution des résultats
% des personnes avec chaque résultat
Percentile par nombre de réponses
Votre historique - résultats
Vous n’avez pas pris ce quiz